000 00541 a2200157 4500
005 20250607120516.0
020 _a978-0-9678200-7-1
082 _a678.786 SCH
100 _aSCHREIBFEDER, J.
245 _aAchieving Effective Inventory Management
250 _a6th Ed.
260 _aNoblesville,
_bEffective Inventory Management,
_c2017.
300 _ax, 292p.: ill.; table, chart,
_bGlossary, index,
_c28cm.
856 _yAccess Online Book
_fAchieving Effective Inventory Management
_dwww.effectiveinventory.com
942 _2ddc
_cBKS
999 _c3435
_d3435